A Textbook of Fluid Mechanics ("Fluid Mechanics and Hydraulic Machines"- Part-I) In SI Units (Record no. 14335)
[ view plain ]
| 000 -LEADER | |
|---|---|
| fixed length control field | 00911nam a22001577a 4500 |
| 003 - CONTROL NUMBER IDENTIFIER | |
| control field | OSt |
| 008 - FIXED-LENGTH DATA ELEMENTS--GENERAL INFORMATION | |
| fixed length control field | 220207b ||||| |||| 00| 0 eng d |
| 020 ## - INTERNATIONAL STANDARD BOOK NUMBER | |
| ISBN | 8121916674 |
| 082 ## - DEWEY DECIMAL CLASSIFICATION NUMBER | |
| Classification number | 532 |
| Item number | RAJ/FL |
| 100 ## - MAIN ENTRY--AUTHOR NAME | |
| Personal name | Rajput |
| 245 ## - TITLE STATEMENT | |
| Title | A Textbook of Fluid Mechanics ("Fluid Mechanics and Hydraulic Machines"- Part-I) In SI Units |
| 260 ## - PUBLICATION, DISTRIBUTION, ETC. (IMPRINT) | |
| Place of publication | New Delhi |
| Name of publisher | S. Chand and Company Ltd |
| Year of publication | 2009 |
| 300 ## - PHYSICAL DESCRIPTION | |
| Number of Pages | 999 |
| 505 ## - FORMATTED CONTENTS NOTE | |
| Formatted contents note | Part I – Fluid Mechanics<br/>1. PROPERTIES OF FLUIDS<br/>2. PRESSURE MEASUREMENT<br/>3. HYDROSTATIC FORCES ON SURFACES<br/>4. BUOYANCY AND FLOATATION<br/>5. FLUID KINEMATICS<br/>6. FLUID DYNAMICS<br/>7. DIMENSIONAL AND MODEL ANALYSIS<br/>8. FLOW THROUGH ORIFICES AND MOUTHPIECES<br/>9. FLOW OVER NOTCHES AND WEIRS<br/>10. LAMINAR FLOW<br/>11. TURBULENT FLOW IN PIPES<br/>12. FLOW THROUGH PIPES<br/>13. BOUNDARY LAYER THEORY<br/>14. FLOW AROUND SUBMERGED BODIES—DRAG AND LIFT<br/>15. COMPRESSIBLE FLOW<br/>16. FLOW IN OPEN CHANNELS |
| 942 ## - ADDED ENTRY ELEMENTS (KOHA) | |
| Koha item type | Books |
| Withdrawn status | Lost status | Damaged status | Collection code | Home library | Current library | Shelving location | Date acquired | Source of acquisition | Cost, normal purchase price | Full call number | Accession Number | Koha item type |
|---|---|---|---|---|---|---|---|---|---|---|---|---|
| KAUAET | KAUAET | General Stacks | 17/06/2016 | Aman Book Stall Calicut | 375.00 | 532 RAJ/FL | 24623 | Books |
